Robbins basic pathology / (Record no. 117927)

MARC details
000 -LEADER
fixed length control field 00806cam a22002778a 4500
008 - FIXED-LENGTH DATA ELEMENTS--GENERAL INFORMATION
fixed length control field
020 ## - INTERNATIONAL STANDARD BOOK NUMBER
International Standard Book Number 9780808924326 (hbk.)
049 ## - LOCAL HOLDINGS (OCLC)
Holding library MAIN
090 ## - LOCALLY ASSIGNED LC-TYPE CALL NUMBER (OCLC); LOCAL CALL NUMBER (RLIN)
Classification number (OCLC) (R) ; Classification number, CALL (RLIN) (NR) RB111
Local cutter number (OCLC) ; Book number/undivided call number, CALL (RLIN) KUM
003 - CONTROL NUMBER IDENTIFIER
control field
005 - DATE AND TIME OF LATEST TRANSACTION
control field 20250625121014.0
040 ## - CATALOGING SOURCE
Transcribing agency NUST
100 ## - MAIN ENTRY--PERSONAL NAME
Personal name Kumar, Vinay.
245 00 - TITLE STATEMENT
Title Robbins basic pathology /
Statement of responsibility, etc. Vinay Kumar, Abul K. Abbas [and] Jon C. Aster.
250 ## - EDITION STATEMENT
Edition statement 9th ed.
260 ## - PUBLICATION, DISTRIBUTION, ETC.
Place of publication, distribution, etc. Philadelphia :
Name of publisher, distributor, etc. Elsevier/Saunders,
Date of publication, distribution, etc. c2013.
300 ## - PHYSICAL DESCRIPTION
Extent xii, 910 p. :
Other physical details ill. ;
Dimensions 29 cm.
504 ## - BIBLIOGRAPHY, ETC. NOTE
Bibliography, etc. note Includes bibliographical references.
500 ## - GENERAL NOTE
General note Includes index.
650 12 - SUBJECT ADDED ENTRY--TOPICAL TERM
Topical term or geographic name entry element Pathology.
700 1# - ADDED ENTRY--PERSONAL NAME
Personal name Abbas, Abul K.
700 1# - ADDED ENTRY--PERSONAL NAME
Personal name Aster, Jon C.
700 1# - ADDED ENTRY--PERSONAL NAME
Personal name Robbins, Stanley L.
907 ## - LOCAL DATA ELEMENT G, LDG (RLIN)
a .b10343301
b 10-12-15
c 10-06-14
942 ## - ADDED ENTRY ELEMENTS (KOHA)
Koha item type Ordinary Loan Books
Call number prefix RB111
Call number suffix KUM
Koha issues (borrowed), all copies 10
Holdings
Date last seen Total Checkouts Total Renewals Full call number Barcode Date last checked out Cost, replacement price Price effective from Koha item type Lost status Source of classification or shelving scheme Damaged status Not for loan Collection Withdrawn status Home library Current library Shelving location Date acquired Cost, normal purchase price
07/10/2025 56 1 RB111 KUM 92004035579 06/25/2025 80.00 01/20/2023 BOOKS   LCC     NFIC   Medical Medical GEN 01/20/2023 80.00